LEADER 01674nam a2200289 i 4500 001 000000205682 003 CaOOAMICUS 005 20110829000000.0 008 110829s2011 be u000 u eng u 013 $a184420 020 $a978-90-429-2555-7 040 $aSeMil$bita 245 10$aIncluding Papers presented at the Conference "The image of the perfect Christian in patristic thought" at the Ukrainian Catholic University in Lviv, Ukraine under Taras Khomych, Oleksandra Vakula and Oleh Kindiy in 2009 /$cedited by A. Brent ... [et al.]. 260 $aLeuven [etc.] :$bPeeters,$c2011. 300 $aXV, 216 p. ;$c24 cm. 490 0 $aStudia patristica ;$v51 650 4$aPerfezione cristiana.$0(OLS)http://semarc/subject/2090 650 4$aPatristica - Atti di congressi.$0(OLS)http://semarc/subject/1239 700 1 $aBrent, Allen,$d<1940- >.$0(OLS)http://semarc/name/71443 700 1 $aConference "The image of the perfect Christian in patristic thought" <2009 ; Lviv (Ukraine)>.$0(OLS)http://semarc/name/74017 830 0$aStudia patristica ;$v51.$0(OLS)http://semarc/title/22570 850 $aSeMil 852 $aSeMil$W1$xVenegono$y1$m2UA D 51$j228622$B156176$CSeMilBibl$Z2$F167531 $81 961 $aSottoscrizione: Peeters 996 $6020$a978-90-429-2555-7$9(OLS)http://semarc/number/199415 996 $6245$aIncluding Papers presented at the Conference "The image of the perfect Christian in patristic thought" at the Ukrainian Catholic University in Lviv, Ukraine under Taras Khomych, Oleksandra Vakula and Oleh Kindiy in 2009$9(OLS)http://semarc/title/297641 996 $6260$aLeuven [etc.] :$bPeeters$9(OLS)http://semarc/publisher/32081 LEADER 01095nam a2200229 i 4500 001 000000077759 003 CaOOAMICUS 005 20041006000000.0 008 041006s1999 it u000 u ita u 013 $a48933 040 $aSeMil$bita 245 10$aLi Pintori del Presepio. 260 $a[Terni] :$bProvincia di Terni,$c1999. 300 $a63 p. ;$c24 cm. :$bill., notazione musicale + [1] Compact Disc. 490 0 $aConoscere e sapere : cataloghi per la conoscenza e la valorizzazione dei beni culturali nel territorio della provincia di Terni ;$vNumero6 650 4$aPresepe.$0(OLS)http://semarc/subject/5653 830 0$aConoscere e sapere : cataloghi per la conoscenza e la valorizzazione dei beni culturali nel territorio della provincia di Terni ;$vNumero6.$0(OLS)http://semarc/title/9527 850 $aSeMil 852 $aSeMil$W1$xVenegono$y1$m5H XVI 115$j43911$B43911$CSeMilBibl$Z2$F71390 $81 961 $aOmaggio: Altro 996 $6245$aLi Pintori del Presepio$9(OLS)http://semarc/title/126332 996 $6260$a[Terni] :$bProvincia di Terni$9(OLS)http://semarc/publisher/31946